| 000 | 00731nam a2200241 a 4500 | ||
|---|---|---|---|
| 001 | 000020157 | ||
| 005 | 20200929170306.0 | ||
| 008 | 100723s1970 sp 001 f spa d | ||
| 040 |
_aDO-SdBNP _bspa _cBNPHU |
||
| 082 |
_a862.6 _bB264pa, 1970 |
||
| 100 | 1 |
_aBaroja, Pío, _d1872-1956 _98694 |
|
| 245 | 1 | 0 |
_aParadox, rey / _cPío Baroja. |
| 250 | _a5a ed. | ||
| 260 |
_aMadrid : _bEspasa-Calpe, _c1970. |
||
| 300 |
_a216 p. ; _c18 cm. |
||
| 490 | 1 |
_aAustral. Azul: novelas y cuentos en general _v620 |
|
| 500 | _aIncluye índice de autores. | ||
| 650 | 4 |
_aTeatro español _93071 |
|
| 650 | 4 |
_aLiteratura española _9632 |
|
| 830 | 0 |
_aAustral. _pAzul: novelas y cuentos en general ; _v620 _922386 |
|
| 910 | _aWM | ||
| 049 | _aBNGR | ||
| 999 |
_c19664 _d19664 |
||